The Roman principate : 27 B.C.-285 A.D. /

محفوظ في:

المؤلف الرئيسي: Lewis, Naphtali (مؤلف)

التنسيق: كتاب

اللغة: English
Ancient Greek

منشور في: Toronto : [Hakkert], 1974.

سلاسل: Greek historical documents ; 4.

الموضوعات:

الوسوم: إضافة وسم

لا توجد وسوم, كن أول من يضع وسما على هذه التسجيلة!

رقم الطلب: DF12 .G25 v.4

LEADER 00814namaa2200289 4500
001 22153
003 OSt
005 20251218113022.0
008 130303s1974 onc b 000 0 eng d
010 |a 73094074 
020 |a 0888665744 
020 |a 0888665482 
040 |c ARCE Library 
041 1 |a eng  |h grc 
043 |a e------  |a ff-----  |a aw----- 
050 4 |a DF12 .G25 v.4 
100 1 |a Lewis, Naphtali,  |e author 
245 1 4 |a The Roman principate :  |b 27 B.C.-285 A.D. /  |c Naphtali Lewis. 
264 1 |a Toronto :  |b [Hakkert],  |c 1974. 
300 |a xii, 149 pages ;  |c 23 cm. 
490 0 |a Greek historical documents ;   |v 4. 
504 |a Bibliography : pages xi-xii. 
555 |a Sara.lib 
651 0 |a Rome  |x History  |y Empire, 30 B.C.-284 A.D.  |v Sources. 
901 |a reviewed 
942 |c BK  |2 lcc 
999 |c 20755  |d 20755